[Event "Mechanics' Spring TNM; G/2"]
[Site "San Francisco"]
[Date "2017.04.11"]
[Round "5.2"]
[White "Winslow, Elliott C"]
[Black "Ivanov, Aleksandr"]
[Result "0-1"]
[WhiteElo "2310"]
[BlackElo "2092"]
[PlyCount "56"]
[EventDate "2017.??.??"]

1. e4 e6 2. d4 d5 3. Nd2 c5 4. Ngf3 cxd4 5. Nxd4 Nc6 6. Bb5 Bd7 7. Nxc6 Bxc6 8.
Qe2 Qb6 9. Bd3 dxe4 10. Nxe4 Nf6 11. O-O Nxe4 12. Bxe4 Bc5 13. c3 a5 14. Bxc6+
Qxc6 15. Be3 O-O 16. Rfd1 Bxe3 17. Qxe3 Rfd8 18. Rd4 Rd5 19. c4 Rd7 20. Rad1
Rxd4 21. Qxd4 g6 22. b3 b5 23. h4 bxc4 24. Rc1 Qd5 25. Rxc4 Rd8 26. Qf6 h5 $11
{Diagram [#]} 27. Rc7 $4 Qd1+ 28. Kh2 Qd6+ 0-1

[Event "Mechanics' Fall TNM; G/2 d5"]
[Site "?"]
[Date "2017.10.31"]
[Round "2.1"]
[White "Winslow, Elliott C"]
[Black "Kuczek, Kevin W"]
[Result "1-0"]
[WhiteElo "2318"]
[BlackElo "1883"]
[Annotator "Winslow,E"]
[PlyCount "71"]
[EventDate "2017.??.??"]
[EventType "swiss"]

1. d4 d5 2. c4 c6 3. Nc3 Nf6 4. Nf3 e6 5. e3 Bb4 (5... Nbd7) (5... a6) (5...
Bd6) (5... Be7) 6. Qb3 (6. Bd3) (6. Bd2) 6... Bxc3+ (6... a5 $5) 7. bxc3 (7.
Qxc3 Ne4 8. Qa3 Qe7 9. Qxe7+ Kxe7 10. Bd3 f5 11. O-O Nd7 12. b4 h6 13. b5 g5
14. Ba3+ Kf7 15. h3 cxb5 16. cxd5 exd5 17. Bxb5 Ke6 18. Rfc1 a6 19. Bd3 Ndf6
20. Rab1 b5 21. Rc6+ Kf7 22. Ne5+ Kg8 23. f3 Nd2 24. Rd1 Nxf3+ 25. gxf3 {
1-0 (25) Magalashvili,D (2490)-Kafioglu,M Istanbul 2009}) 7... O-O 8. Ba3 Re8
9. h3 $6 (9. cxd5 cxd5 10. Bd3 b6 11. O-O Ba6 12. Bxa6 Nxa6 13. c4 $14) 9... b6
10. Ne5 Ba6 {White has next to nothing.} 11. cxd5 Bxf1 $2 (11... cxd5 {
doesn't lose a pawn, which is saying something.} 12. Bxa6 (12. c4)) 12. dxe6
Rxe6 13. Rxf1 Nbd7 14. O-O-O Qc7 15. f4 Nxe5 16. fxe5 (16. dxe5 {perhaps? The
open file implies exchanges, and I am up a pawn... Nope, SF8 makes the played
move a lot better.}) 16... Nd7 17. Rf3 $16 (17. Rf4 $5 $18 {Prefered by SF8.
Here's where you want to throw the computer out the window: It now gives as
best} Nxe5 18. dxe5 Qxe5 19. Rf3) (17. Bd6 $18 {
Isn't bad either. Of course I was trying to decide when to flick this in.})
17... Rae8 18. Rdf1 f6 19. g4 (19. exf6 gxf6 20. Kb1 b5 (20... Qh2)) 19... c5 (
19... h6 20. e4 c5 21. exf6 gxf6 22. Kb1) 20. Qd5 $6 {
I was confident of this move. SF8 not so.} (20. exf6 gxf6 (20... Nxf6 21. e4 c4
22. Qb5 a6 23. Qg5 h6 24. Qg6 Nh7 25. Rf7 Rxg6 26. Rxc7 $16)) 20... Kh8 $6 (
20... h6 $11) 21. g5 (21. exf6 Nxf6 22. g5 Ng8 23. Kb1 Rxe3 $4 24. Rxe3 Rxe3 $4
25. Rf8) 21... cxd4 $6 (21... Nxe5 22. dxe5 Rxe5 $16) 22. exd4 Rc6 23. Kb2 Nxe5
24. dxe5 Rxe5 25. Qd2 Rce6 $2 (25... Qf7 26. gxf6 gxf6 27. Rd3 Re8 28. Rd7) 26.
R1f2 (26. gxf6 $1 Re2 (26... gxf6 27. Rxf6 Rxf6 (27... Re2 28. Rf8+ Kg7 29.
Rg1+ Rg6 30. Qxe2 Rxg1 31. Qf2)) 27. f7 Qxf7 28. Rxf7 Rxd2+ 29. Kc1) 26... Rb5+
27. Kc1 Ra5 28. Bb4 Rb5 29. Rd3 Re8 30. Rd7 (30. gxf6 gxf6 31. Rxf6) 30... Qc6
31. gxf6 gxf6 32. Qd3 f5 33. Qd4+ Rbe5 34. Bd6 (34. Rxf5 {#12}) (34. Be7) 34...
Qh1+ 35. Kb2 Qe1 36. Bxe5+ {#4} 1-0

[Event "Mechanics' Peter Grey TNM; G/2 d5"]
[Site "San Francisco"]
[Date "2017.09.12"]
[Round "6.2"]
[White "Winslow, Elliott C"]
[Black "O'Connor, Derek"]
[Result "1-0"]
[WhiteElo "2321"]
[BlackElo "2300"]
[Annotator "Winslow"]
[PlyCount "137"]
[EventDate "2017.??.??"]

1. Nf3 {My sole preparation consisted of channeling Kramnik.} Nf6 2. c4 e6 3.
g3 b6 4. Bg2 Bb7 5. O-O Be7 6. Nc3 (6. d4 O-O 7. d5 $5 Na6 $5) 6... O-O 7. Re1
{This move has a bit more kick when Black has already played ...c5; here the
system employed by Black shows it up as meaningless -- or worse (...Bb4 pins,
not to mention possible problems on f2!).} (7. d4 {
was of course a perfectly reasonable choice, too}) 7... d5 (7... c5 8. e4 d6 9.
d4 Nbd7 $6 (9... cxd4 10. Nxd4 a6 (10... Nc6) (10... Nbd7)) 10. d5 $5 (10. e5
$1 Ne8 (10... Ng4 11. h3) 11. d5 (11. exd6 Bxd6 12. d5 exd5) 11... exd5 12.
exd6 (12. Nxd5) 12... Nxd6 13. Nxd5 Bxd5 14. Qxd5 Nf6 15. Qc6 Nxc4 (15... Rc8
16. Qa4 Rc7 17. Bf4 (17. Ne5 Re8 18. Bf4 Bf8 19. Rad1 $16) 17... Nh5 18. Be5
Bf6 19. Rad1 Bxe5 20. Nxe5 a5 21. Re3 f5 22. Nc6 Qf6 23. Re6 {
1-0 (23) Misiuga,A (2237)-Macicek,J (2188) Moravia 2002}) 16. Qa4 Nd6 17. Bf4
Re8 18. Rad1 Bf8 19. Ne5 $44 {or something like that}) 10... e5 {
0-1 (37) Winslow,E (2421)-Wong,R (2200) San Francisco 2011}) 8. cxd5 exd5 9. d4
Na6 {This is popular, and I've played it myself in the same or similar
position. After ...c5 or ...c6 the knight can comfortably swing around to e6.
And the "quick" route to e6 is also still open for Black's queen. I just saw
some YouTube of a blitz game where Karpov was Black, in what might even have
been this position he played ...Qc8 -- and it was drawn! I was disappointed.} (
{It so happens that, according to the databases,} 9... Nbd7 {
is even more frequently played, how naive.}) 10. Ne5 (10. Bf4 {is *way* more
common, including a couple games by Special "K" himself (but notably both
drawn, vs. Huebner and Ehlvest, quite a while ago). Probably more important
was Gelfand-Karpov, 1-0.} c5 {is the main response but then} (10... Ne4 $5 {
actually has a plus score in the top games.} 11. Rc1 c5 12. a3 $5 {
scores well again}) 11. Ne5 {combines frequency and percentage...}) 10... c5
11. Be3 (11. Bf4 {, again, scores best.}) 11... Re8 ({Relevant:} 11... Nc7 12.
Qa4 Qe8 13. Red1 Qxa4 14. Nxa4 cxd4 15. Bxd4 Ne6 16. Be3 Rfd8 17. Rac1 Rab8 18.
Nf3 Ng4 19. Bd4 Rbc8 20. Rxc8 Rxc8 21. Nc3 Nf6 22. Bh3 Nxd4 23. Nxd4 Rc5 24.
Nf5 Kf8 25. Bg2 Ne4 26. Bxe4 dxe4 27. Rd7 Rxf5 28. Rxb7 Bf6 29. Nxe4 Ra5 30.
Nxf6 gxf6 31. a3 Kg7 32. Rd7 Rb5 33. b4 a5 34. Rd4 Re5 35. e3 axb4 36. axb4 Re6
37. Rd5 Kg6 38. Kg2 f5 39. Kf3 h5 40. h4 Rc6 41. Kf4 {
Wang,H (2717)-Tomashevsky,E (2728) Huaian 2016 1-0}) 12. Rc1 $146 (12. Qa4 cxd4
13. Bxd4 Nc5 {
has happened three times (once with the knight coming from d7), three draws.})
12... Nc7 13. dxc5 bxc5 (13... Bxc5 14. Bxc5 bxc5 15. Nd3 (15. f4 $5)) 14. Na4
Rb8 {so the d-pawn can move} 15. Nd3 d4 (15... c4 16. Ndc5 Bc6 17. b3 Bxa4 18.
Nxa4 Ba3 19. Rc2 Bb4 20. Bd2 cxb3 21. axb3 Ne6 {isn't a whole lot}) 16. Bf4
Bxg2 17. Kxg2 c4 $6 {[#] I don't think he considered my next move, let alone
how pervasive its effect on the tactics.} (17... Nfd5 18. Bxc7 Qxc7 (18... Nxc7
19. Naxc5 Qd5+ 20. Kg1 Qxa2 {when Stockfish considers} 21. Nd7 {
and 22.N7e5 is surprisingly good}) 19. Naxc5 Bg5 20. Rc4 Qc6 21. Kg1 Rxb2 $1
22. Qa4 $1 (22. Nxb2 $4 Ne3 $3 $19) 22... Qxa4 23. Rxa4 Rexe2 24. Rxe2 Rxe2 25.
Rxa7 h5 26. Kf1 $14) 18. Kg1 $1 {
Would you have found this? Frankly I'm surprised I did.} g5 $6 (18... Ne6 $5
19. Rxc4 Qd5 {when Stockfish thinks the only advantage comes from} 20. Bxb8 ({
I intended} 20. b3 {when} Rbd8 {/\...h5 is some kingside attack for the pawn}))
(18... Qd5 19. Bxc7 Rbc8 20. Bf4 cxd3 21. Qxd3 Qxa2 22. Qxd4 {
is a delicate extra pawn}) 19. Be5 Ng4 (19... Qd5 20. Bxc7 Rb7 21. Be5 cxd3 22.
Bxf6 Bxf6 23. Qxd3 Qxa2 $2 24. Qf3 Rb5 25. Qxf6 Qxa4 26. Rc7 Qb3 27. Ra1 Qe6 $5
{might be a holdable double-rook ending.}) 20. Rxc4 Nxe5 21. Nxe5 Qd5 22. Rxc7
Qxe5 23. Rc4 $6 (23. Rxa7 {
never even occured to me! There's something to work on!}) 23... Rbd8 24. Qd3
Bf8 (24... h5 $5) (24... g4 $5) 25. b3 (25. b4) 25... Rd7 (25... h5) (25... Re6
) 26. Nb2 a5 (26... Qa5 27. Ra1 (27. Rec1 $1 Qxa2 28. Qf5 Rde7 29. Qxg5+ Bg7
30. Nd3 Qxb3 31. Nf4 Re5 32. Qg4 d3 33. exd3 Qb7 34. Ng2)) (26... Ba3 27. Rc2
Qe6 28. Rd1) 27. Qc2 (27. Qf3 $1) 27... Rd5 (27... Rdd8) 28. Nd3 (28. e4 $1
dxe3 29. Rxe3 Qb8 30. Nd1 {gets to e3 or c3}) 28... Qe6 29. e4 $6 (29. Rc7 Bd6
30. Rc6) 29... Rdd8 $2 (29... dxe3 30. Rxe3 Qd7 31. Rc7 (31. Rxe8 Qxe8 32. Kg2)
31... Qd8 32. Qc4 $5 (32. Rxe8 Qxe8 33. Qc4 Qe6)) 30. Qd2 $18 Bb4 $6 (30... h6
31. Qxa5 Qd7 32. Qd2) 31. Qxg5+ $6 (31. Nxb4 axb4 32. Qxg5+ $18 Qg6 33. Qd2)
31... Kh8 (31... Qg6 32. Qxg6+ hxg6 33. Nxb4 axb4 34. Rxb4 f5 35. f3 (35. e5)
35... fxe4 36. fxe4) 32. Re2 (32. Nxb4 axb4 33. Qd2) 32... Bc3 33. f3 (33. f4)
(33. Qh5) 33... f6 34. Qc1 $6 {I have a dream} Qf7 $6 {
Fortunately for me, he's in deep sleep.} 35. Kg2 Rd7 (35... Rc8 $5 36. Rxc8
Rxc8 37. Qf4 {when perhaps it is White who welcomes the rook trade...}) 36. Rc2
Rde7 37. R2xc3 $5 {
Of course the computer hates it (13th best!), but we humans like resolution.} (
37. Rc5) (37. Qf4) 37... dxc3 38. Qxc3 Rd7 39. Nf4 Re5 (39... Red8) 40. Rc8+ (
40. g4) 40... Kg7 41. g4 h6 (41... Qe7 42. Nh5+ Rxh5 43. gxh5) 42. Rc6 Kh7 (
42... a4 43. bxa4 Qxa2+ 44. Kg3 Rf7 45. Nh5+ Rxh5 46. gxh5 Qb1 47. Qe3) 43. Nh5
$6 (43. h4) (43. Kg3) (43. a4 Rb7 (43... h5 44. h3) 44. Nd5) 43... Rxh5 44.
gxh5 Qxh5 45. Rc7 Qg5+ 46. Kf1 Rg7 47. Rxg7+ Kxg7 48. Qc7+ Kf8 49. Qd8+ Kg7 50.
Qd7+ Kf8 51. Qd6+ Ke8 52. f4 ({Stockfish prefers} 52. Kf2 Qh4+ 53. Qg3 Qh5 54.
Qg8+ Ke7 55. Qg7+ Ke8 56. Kg2) 52... Qg4 53. Kf2 Qh4+ (53... Kf7 54. Qd5+ Kg7
55. Qb7+ Kg8 {checks and then 58.Qe3}) 54. Ke3 Qe1+ 55. Kd4 Kf7 $6 (55... Qd2+
56. Kc5 Qe3+ 57. Kb5) 56. Qd7+ Kg6 $6 57. f5+ Kh5 58. Qf7+ Kg4 $6 (58... Kh4
59. Qxf6+ Kh3 60. Qxh6+ Kg2) 59. Qg6+ Kf3 60. Qh5+ $4 (60. Qg3+) 60... Kg2 61.
Qg4+ Kxh2 62. Kd5 Qd2+ 63. Ke6 Qg5 $6 64. Qxg5 hxg5 65. e5 $1 g4 66. exf6 g3
67. f7 g2 68. f8=Q g1=Q 69. Qh6+ 1-0

[Event "Mechanics' Winter TNM; G/2"]
[Site "San Francisco"]
[Date "2017.02.14"]
[Round "7.3"]
[White "Winslow, Elliott C"]
[Black "Porlares, Teodoro"]
[Result "1-0"]
[WhiteElo "2312"]
[BlackElo "1875"]
[Annotator "Winslow"]
[PlyCount "117"]
[EventDate "2017.??.??"]

1. e4 c6 2. d4 d5 3. exd5 cxd5 4. c4 dxc4 5. Bxc4 (5. Nc3 Nc6 (5... Nf6 6. Bxc4
) 6. Nf3 (6. d5 Na5 7. b4 cxb3 8. axb3 e5 9. b4 Bxb4 10. Qa4+ Nc6 11. Bd2 Bxc3
12. Bxc3 Qxd5 13. Rd1 Qc5 14. Bc4 Be6 15. Bxe6 Qxc3+ {
0-1 (15) Jostes,M (2135) -Grund,H (2375) Schwaebisch Gmuend 1997}) 6... Bg4 7.
Bxc4 e6 8. Be3 Nf6 (8... a6 9. a3 Nf6 10. Be2 Be7 11. h3 Bf5 12. b4 Qc7 13. O-O
Nxb4 14. axb4 Qxc3 15. b5 O-O 16. bxa6 bxa6 17. Rxa6 Rxa6 18. Bxa6 Ra8 19. Be2
Qc2 20. Qxc2 Bxc2 21. Rc1 Be4 22. Ng5 h5 23. Nxe4 Nxe4 24. Bf3 f5 25. Bxh5 Ba3
26. Rc6 Bd6 27. Bf3 Ra1+ 28. Rc1 Rxc1+ 29. Bxc1 Kf7 30. Kf1 Nc3 31. Bb2 Nd5 32.
g3 g5 33. Ke2 Kg6 34. Bxd5 exd5 35. f3 Bxg3 36. Kd3 Kf6 37. Ke2 f4 38. Bc3 Kg6
39. Kf1 Kh5 40. Kg2 Kh4 41. Bb4 Kh5 42. Bd6 Kh4 43. Be7 Kh5 44. Bd8 Kh4 45. Bc7
Kh5 46. Kh1 Kh4 47. Kg2 Kh5 48. Bd8 Kh4 49. Be7 Kh5 50. Bf6 Kh4 51. Bg7 Kh5 52.
Bh8 Kh4 53. Bg7 Kh5 54. Bf6 Kh4 55. Be5 Kh5 56. Bb8 Kh4 57. Ba7 Kh5 58. Bb6 Kh4
59. Bc5 Kh5 60. Bb4 Kh4 61. Bc3 Kh5 62. Bd2 Kh4 63. Bc3 Kh5 64. Kf1 Kh4 65. Kg2
Kh5 66. Bd2 Kh4 67. Bc1 Kh5 68. Kf1 Kh4 69. Kg2 Kh5 70. Bd2 Kh4 71. Bc3 Kh5 72.
Bb4 Kh4 73. Bd6 Kh5 74. Be5 Kh4 75. Bf6 Kh5 {
'1/2-1/2 (79) Antal,A-Paiva,H Dos Hermanas 2004'} 76. Bg7 Kh4 77. Bf6 Kh5 78.
Be7 Kh4 79. Bf6 Kh5 {1/2-1/2 (79) Antal,A-Paiva,H Dos Hermanas 2004}) 9. h3 (9.
d5 Nxd5 10. Nxd5 exd5 11. Qxd5 Bb4+ 12. Nd2 O-O 13. O-O Qxd5 14. Bxd5 Bxd2 15.
Bxc6 Bxe3 {0-1 (15) Porma,C-Hernandez,H (2240) Trevelin 2014}) 9... Bh5 10. O-O
(10. g4 Bg6 11. Qb3 Qb6 12. Qxb6 axb6 13. Ne5 Bb4 14. Ke2 Bxc3 15. bxc3 Nxe5
16. dxe5 Nd5 17. Bxd5 exd5 18. Rhd1 Bc2 19. Rxd5 Bb3 20. Rd2 Bc4+ 21. Kf3 O-O
22. Kg3 Rfd8 23. Rxd8+ Rxd8 24. Bd4 b5 25. a3 Ra8 26. f4 Kf8 27. f5 g6 28. Kf4
h6 29. h4 Ke8 30. Bc5 Rd8 31. Bd6 gxf5 32. gxf5 f6 33. Rg1 fxe5+ 34. Bxe5 h5
35. Bd4 Kf8 36. Kg5 Bf7 37. Bc5+ Kg7 38. Bd4+ Kf8 39. Kf4 Rc8 40. Rb1 Be8 41.
Re1 Rc4 42. Re6 Rc6 43. Re5 Rc4 44. Kg5 Rc8 45. Bc5+ Kg8 46. Bb4 Rd8 47. Re7
Rb8 48. Kf6 Bc6 49. Rg7+ Kh8 50. Rg5 Bf3 51. Ke7 Rg8 52. f6 Rc8 53. f7 Rc7+ 54.
Kf6 Rc6+ 55. Ke5 Rc8 56. f8=Q+ Rxf8 57. Bxf8 Kh7 58. Kf6 Kh8 59. Bg7+ Kh7 60.
Rg6 Kg8 {1-0 (60) Tauber,M (2275)-Vonach,B Bad Wiessee 1998}) 10... Be7 11. d5
exd5 12. Nxd5 Nxd5 13. Bxd5 Qd7 14. Qb3 O-O 15. Rad1 Qc7 16. Rc1 Bxf3 17. Bxf3
Bf6 18. Bxc6 bxc6 19. Rfd1 Rfb8 20. Qa4 Rxb2 21. Rxc6 Qb7 22. Rdc1 Rb1 23. Qc2
Rxc1+ 24. Bxc1 Re8 25. Be3 a5 26. a4 Qb4 27. Rc4 Qe1+ 28. Kh2 Be5+ 29. g3 g6
30. Kg2 Re6 31. Kh2 h5 32. h4 Rf6 33. Kg2 Rf5 34. Rc8+ Kg7 35. Rc4 Bxg3 36.
Kxg3 Qg1+ 37. Kh3 Rf3# {
0-1 (37) Livschitz,J (1230) -Luke,G (1831) San Francisco 2005}) 5... Nf6 (5...
Qc7 $1) 6. Nc3 Nc6 7. Nf3 Bg4 8. d5 Bxf3 9. Qxf3 Ne5 10. Bb5+ Ned7 (10... Nfd7
11. Qe2 a6 12. Bxd7+ Nxd7 13. O-O g6 14. Ne4 Ne5 15. f4 f5 16. Ng5 Ng4 17. h3
Nf6 18. Rd1 Bh6 19. d6 Bxg5 20. fxg5 Ne4 21. d7+ Kf8 22. Be3 Qa5 23. b4 Qd8 24.
Bd4 Rg8 25. Qxe4 Qxd7 26. Qe5 Rd8 27. Rd2 Qa4 28. Bc5 Re8 29. Qf6# {
1-0 (29) Cochrane,J-Mahescandra Kolkata 1855}) 11. Bg5 a6 12. Bxf6 (12. Be2 h6
13. Be3 Ne5 14. Qf4 Qd6 15. Qa4+ Ned7 16. Bf4 Qb6 17. O-O g5 18. Be5 Bg7 19. d6
O-O 20. dxe7 Rfe8 21. Bd4 Qd6 22. Rad1 Qxe7 23. Bf3 Rab8 24. Nd5 Nxd5 25. Bxg7
Kxg7 26. Rxd5 Nf6 27. Rd3 Rbd8 28. Rb3 Rd7 29. h3 Rc8 30. Rb6 Rcc7 31. Qb3 Ne8
32. Rb4 b5 33. a4 bxa4 34. Qxa4 Rd6 35. h4 Nf6 36. hxg5 hxg5 37. Qa5 Nh7 38.
Re4 Qd8 39. g3 f6 40. Kg2 Nf8 41. Rfe1 Ng6 42. Re6 Rcd7 43. Qf5 Rxe6 44. Rxe6
Rd6 45. b4 Ne5 46. Be4 Rxe6 47. Qxe6 Qd4 48. Bd5 Qxb4 49. Qg8+ Kh6 {
'1/2-1/2 (51) Skalkotas,N (2335) -Mendrinos,N (2230) Greece 1986'} 50. Qh8+ Kg6
51. Qg8+ Kh6 {1/2-1/2 (51) Skalkotas,N (2335) -Mendrinos,N (2230) Greece 1986})
12... gxf6 $2 (12... exf6 13. Bxd7+ Qxd7 14. O-O Bd6 15. Ne4 (15. Qe4+) 15...
Rd8 16. Nxd6+ Qxd6 17. Rfe1+ Kf8 18. h4 (18. Rac1 $4 g6 19. Qe3 Kg7 20. Qe7
Qxd5 21. Rc7 Rhe8 $19) 18... g6 19. h5 Kg7 20. Qh3 Rhe8 21. h6+ Kf8 $11) 13.
Bxd7+ Qxd7 14. O-O h5 15. Rfe1 (15. Ne4 $8 $18) 15... Qg4 16. Qxf6 (16. Qe3 $1)
16... Rg8 17. g3 Rg6 18. Qe5 Rg5 19. Qc7 (19. Qe3) 19... Qd7 20. Qc4 (20. Qf4
$1 Rg4 21. Qf3) 20... Rc8 21. Qd3 Bg7 22. Rad1 Bxc3 (22... Kf8 23. h4 Rg6 24.
Qe2 $18) 23. bxc3 Kf8 24. Qh7 (24. h4) 24... Qf5 (24... Qd6 25. Qh8+ Rg8 26.
Qxh5 $18) 25. Qh8+ Rg8 26. Qh6+ Rg7 27. Rxe7 (27. Re5 Qg6 28. Qe3 f6 29. Re6) (
27. Qb6) 27... Kxe7 28. Qxg7 Kd7 29. Qd4 Qf3 (29... Qg4) 30. Rd3 (30. Rb1 $1 b5
31. Qa7+ Rc7 32. Qxa6 Qxd5 33. Rxb5 Qd1+ 34. Kg2) 30... Qf5 31. Kg2 (31. Re3
Re8 32. Qa4+ b5 33. Qxa6 Rxe3 34. Qxb5+) 31... h4 32. g4 (32. gxh4) 32... Qg6
33. h3 (33. Rf3 $1) 33... b5 (33... Re8 34. d6 Qe4+ 35. Qxe4 Rxe4 36. Rf3 Kxd6
37. Rxf7) 34. d6 (34. Rf3 Rc4 35. Qa7+ Rc7 36. Qe3 Rc4) 34... Qe6 35. Qa7+ Kd8
(35... Kc6 36. Qxa6+ Kc5 37. Qb7) 36. Qb6+ Kd7 37. Qb7+ Kd8 38. d7 $4 (38. Kf1
$3 {[%eval 32726,0]} Qe5 39. Qxf7) 38... Qc6+ $1 39. Qxc6 Rxc6 40. f4 Rc4 41.
Kf3 Ra4 42. g5 Ra3 (42... Rxa2 43. f5 Rh2 44. Kg4 Rg2+ 45. Kxh4 a5 46. Rd5) 43.
f5 Rxa2 44. g6 fxg6 45. fxg6 Ra1 46. Rd2 (46. Kg4 $1 {[%eval 32712,0]} Rg1+ 47.
Kh5) 46... Rf1+ 47. Rf2 Rg1 48. Rg2 Rf1+ 49. Kg4 Rf8 50. g7 (50. Rd2 $1) 50...
Rg8 51. Kf5 Kxd7 52. Kf6 Kc6 53. Kf7 Rb8 54. g8=Q Rxg8 55. Rxg8 a5 56. Rg4 Kc5
57. Rxh4 b4 58. cxb4+ axb4 59. Rxb4 1-0